| 000 | 01186cam a2200337 a 4500 | ||
|---|---|---|---|
| 999 |
_c20865 _d20865 |
||
| 001 | 13371616 | ||
| 003 | OSt | ||
| 005 | 20200602111609.0 | ||
| 008 | 030313s2003 ii b 001 0 eng | ||
| 010 | _a 2003310075 | ||
| 020 | _a8122006485 | ||
| 020 | _a9788122006483 | ||
| 025 | _aI-E-2003-310075; 63-03 | ||
| 035 | _a(DLC) 2003310075 | ||
| 037 |
_bLibrary of Congress -- New Delhi Overseas Office _cRs350.00 |
||
| 040 |
_aDLC _coclc _dDLC |
||
| 042 | _alcode | ||
| 043 | _ama----- | ||
| 050 | 0 | 0 |
_aHF1610 _b.R69 2003 |
| 082 | 0 | 0 |
_a337.09175927 _bROY/G |
| 100 |
_aRoy, Ash Narain _92477 |
||
| 245 | 1 | 0 |
_aGlobalisation or gobble-isation : _bthe Arab experience / _cAsh Narain Roy |
| 260 |
_aDelhi : _bKonark Publishers, _cc2003. |
||
| 300 | _a189 p | ||
| 504 | _aIncludes bibliographical references (p. 170-181) and index. | ||
| 651 | 0 |
_aArab countries _xForeign economic relations. |
|
| 856 | 4 | 1 |
_3Table of contents _uhttp://www.loc.gov/catdir/toc/fy043/2003310075.html |
| 906 |
_a7 _bcbc _corigode _d3 _encip _f20 _gy-gencatlg |
||
| 942 |
_2ddc _cBK _h337.09175927 _iROY/G _k337.09175927 _mROY/G |
||